Estudio Prc̀tico del Rǧimen Fiscal del Autotransporte Federal y Local

Detalles Bibliográficos
Autor principal: Luna Guerra, Antonio
Formato: eBook
Lenguaje:español
Publicado: Mx̌ico D.F. : Ediciones Fiscales ISEF, 2013
Materias:
Acceso en línea:http://www.vlex.com/source/11055

MARC

LEADER 00000nam a22000007a 4500
005 20130426125814.0
007 cr|||| ||||
008 130426e2013 mx |||||s|||| 00||0 spa d
020 |a 978-368-726-767-6 
035 |a 11055 
040 |a vLex 
090 |c 4195  |d 4195 
100 1 0 |a Luna Guerra, Antonio 
245 1 0 |a Estudio Prc̀tico del Rǧimen Fiscal del Autotransporte Federal y Local  |c / Antonio Luna Guerra   |h [Recurso electrn̤ico] 
256 |a Servicio en ln̕ea 
260 |a Mx̌ico D.F. :  |b Ediciones Fiscales ISEF,   |c 2013 
300 |a 1 Recurso electrn̤ico 
506 |d vLex Global  |d vLex Global (Academic Edition, excluding Law Schools)  |d vLex Global (U.S. Academic Edition, Law Schools)  |d vLex Global (U.S. Academic Edition, excluding Law Schools)  |d vLex Global (Academic Edition, Law Schools) 
650 0 4 |a Derecho tributario  |z Mx̌ico 
650 0 4 |a Transporte   |z Mx̌ico 
740 |a vLex Libros (Servicio en ln̕ea) 
856 |a Acceso restringido  |u http://www.vlex.com/source/11055 
942 |c BOOK 
999 0 |a Taxation